Every Premier League Goalscorer for Brentford - Statistics

General Stats
  • This quiz has been taken 248 times
    11 since last reset
  • The average score is 24 of 29
Answer Stats
Player % Correct
Bryan Mbeumo
100%
Ethan Pinnock
100%
Frank Onyeka
100%
Igor Thiago
100%
Ivan Toney
100%
Jordan Henderson
100%
Kristoffer Ajer
100%
Nathan Collins
100%
Sergi Canós
100%
Yoane Wissa
100%
Christian Eriksen
83%
Christian Nørgaard
83%
Dango Ouattara
83%
Fábio Carvalho
83%
Keane Lewis-Potter
83%
Kevin Schade
83%
Mikkel Damsgaard
83%
Rico Henry
83%
Saman Ghoddos
83%
Vitaly Janelt
83%
Josh Dasilva
67%
Mads Roerslev
67%
Mathias Jensen
67%
Mathias Jørgensen
67%
Neal Maupay
67%
Pontus Jansson
67%
Shandon Baptiste
67%
Yehor Yarmolyuk
67%
Ben Mee
50%
No matching quizzes found
Score Distribution
Percent of People with Each Score
Percentile by Number Answered
Your Score History
You have not taken this quiz since the last reset